Sotanos y duendes de Mantua y las aguas de Madrid

Uloženo v:
Podrobná bibliografie
Hlavní autor: Montero Vallejo, Manuel (autor)
Médium: Kniha
Jazyk:španělština
Vydáno: Madrid Editora Nacional 1982
Edice:Biblioteca de Visionarios heterodoxos y marginados, 19
Témata:
Tagy: Přidat tag
Žádné tagy, Buďte první, kdo vytvoří štítek k tomuto záznamu!

MARC

LEADER 00000nam a2200000 a 4500
001 UCX0489
003 CL-VaPUC
008 891025e19820000SP |||||||||||||||||spa|d
082 0 4 |a 398.364  |b MON  |2 21 
100 |a Montero Vallejo, Manuel  |e autor  |9 315913 
245 1 0 |a Sotanos y duendes de Mantua y las aguas de Madrid 
300 |a 523 p 
942 |c BK 
945 |d 19891025 00:00:00 
260 |a Madrid  |b Editora Nacional  |c 1982 
650 0 |a Aguas subterráneas  |9 260378 
651 7 |a MADRID  |2 CL-VaPUC  |9 315914 
583 |a last modification  |c 19891025 00:00:00  |k Rodrigo Vera 
490 0 |a Biblioteca de Visionarios heterodoxos y marginados, 19 
999 |c 222082  |d 222080 
952 |0 0  |1 0  |4 0  |6 398_364000000000000_MON_1982  |7 0  |8 A  |9 216328  |a BIBHIS  |b BIBHIS  |d 2019-11-15  |i 2849011  |o 398.364 MON 1982  |p 2849011  |r 2025-01-20  |w 2019-11-15  |y BK  |k HIS